Alphanumeric Answers #2 - Statistics

General Stats
  • This quiz has been taken 934 times
    95 since last reset
  • The average score is 8 of 22
Answer Stats
Hint Answer % Correct
Iconic astromech droid known for beeps and heroic rescues {R2}-{D2}
91%
Golden humanoid droid fluent in over six million forms of communication {C}-{3PO}
87%
The latest high-speed mobile network technology {5G}
67%
Computer bug feared at the turn of the millennium {Y2K}
55%
Company known for Scotch tape and Post-it Notes {3M}
45%
The highest UHDTV resolution standard at 7680×4320 pixels {8K}
43%
Refers to the 2021 U.S. Capitol incident {J6}
40%
The world’s largest passenger plane, made by Airbus {A380}
36%
Business model where companies sell products to other businesses {B2B}
34%
Flu subtype responsible for Spanish Flu and 2009 swine flu pandemic {H1N1}
33%
US-made assault rifle that was introduced in 1964 {M16}
33%
Face mask that can filter 95% of 0.3 micrometer airborne particles {N95}
33%
Youth organization focused on agriculture and leadership {4}-{H}
32%
Eminem's rap group with song "Purple Pills" {D12}
31%
The Blackbird, the fastest air-breathing, manned jet ever built {SR}-{71}
25%
A type of film format, or the title of 1999 Nicolas Cage thriller {8mm}
24%
British band with song "I'm Not in Love" {10cc}
23%
French electronic music band with song "Midnight City" {M83}
23%
The Enola Gay, which bombed Hiroshima, was this type of bomber {B}-{29}
21%
WWII German flying bomb, also called the "Buzz Bomb" {V}-{1}
21%
Salvadoran criminal gang that originated in Los Angeles {MS}-{13}
20%
Female Marvel character who is genetically related to Wolverine {X}-{23}
18%
No matching quizzes found
Score Distribution
Percent of People with Each Score
Percentile by Number Answered
Your Score History
You have not taken this quiz since the last reset